000 00311nam a2200109 a 4500
005 20140414093832.0
008 970109s19uu xx 00 eng d
050 _aVHS 000
_bOR 01
245 _aGuidance Associates/The Center for Humanities :
_bOur Heritage from Ancient Rome.
942 _cAVM
999 _c108760
_d108760